000 00504nam a2200157 i 4500
001 bg
245 0 _aBoundary element methods in mechanics.
260 _aAmsterdam,
_c1987.
490 1 _aMechanics and Mathematical Methods. Computational Methods in Mechanics ;
_vVol.3
830 0 _aMechanics and Mathematical Methods.
_pComputational Methods in Mechanics ;
_vVol.3
040 _cBPK
041 _apol
080 _a531/534:539.3/.6:519.63
942 _cKS
008 s pl f |000 0 pol
999 _c28837
_d28837
856 _uhttp://koha.tu.koszalin.pl/cgi-bin/koha/opac-detail.pl?biblionumber=28837
_yKatalog online BPK